Tratado sobre los principios del conocimiento humano. Alcifrón /
Guardado en:
| Autor Principal: | |
|---|---|
| Otros Autores: | |
| Formato: | Libro |
| Idioma: | Undetermined |
| Publicado: |
Madrid :
Gredos,
2014.
|
| Series: | Grandes pensadores
|
| Materias: | |
| Etiquetas: |
Agregar Etiqueta
Sin Etiquetas, Sea el primero en etiquetar este registro!
|
| LEADER | 01346nam a22002175a 4500 | ||
|---|---|---|---|
| 001 | CEM.cems020669 | ||
| 008 | 231122s2014####sp############000#0#und#d | ||
| 005 | 20231122170216.0 | ||
| 245 | 1 | 0 | |a Tratado sobre los principios del conocimiento humano. Alcifrón / |c George Berkeley ; estudio introductorio por Carlos Mellizo. |
| 260 | |a Madrid : |b Gredos, |c 2014. | ||
| 300 | |a 432 p. | ||
| 490 | 1 | |a Grandes pensadores | |
| 505 | 0 | |a Estudio introductorio (George Berkeley, filósofo del inmaterialismo -- Vida -- Primeros pasos -- Dublin -- Ciencia y religión -- Apostolado en América -- De vuelta en Inglaterra: el agua de alquitrán -- Traslado a Oxford -- Muerte de Berkeley -- Pensamiento -- Comentarios filosóficos -- Ensayo de una nueva teoría de la visión -- Tratado sobre los principios del conocimiento humano -- Tres diálogos entre Hilas y Filonús -- Alcifrón o el filósofo minucioso -- La controversia religiosa: Berkeley, Hume y Mill -- Cronología -- Glosario) -- Tratado sobre los principios del conocimiento humano -- Alcifrón o el filósofo minucioso | |
| 020 | |a 9788447377893 | ||
| 100 | 1 | |a Berkeley, George. | |
| 700 | 1 | |a Mellizo, Carlos; pról. | |
| 653 | |a Filosofía | ||
| 653 | |a Filosofía irlandesa | ||
| 653 | |a Inmaterialismo | ||
| 653 | |a Idealismo subjetivo | ||
| 859 | |a CEMS |b BIB. CEMS - 11 de abril |h 192 |i B455 |p 29774.23 |t Ej. 1 | ||
